Discurso leído por José de San Millán y Alonso al verificar sus ejercicios del grado de Doctor en la misma facultad en la Universidad Central. (Record no. 164527)

MARC details
000 -LEADER
campo de control de longitud fija 00928nam a2200193 i 4500
001 - NÚMERO DE CONTROL
campo de control 164527
003 - IDENTIFICADOR DE NÚMERO DE CONTROL
campo de control ES-MaACL
005 - FECHA Y HORA DE LA ÚLTIMA TRANSACCIÓN
campo de control 20250809035829.0
008 - DATOS DE LONGITUD FIJA--INFORMACIÓN GENERAL
campo de control de longitud fija 050805s1877 sp |||| | spa d
100 1# - ENTRADA PRINCIPAL--NOMBRE DE PERSONA
Nombre de persona San Millán y Alonso, José de.
9 (RLIN) 132381
245 10 - MENCIÓN DEL TÍTULO
Título Discurso leído por José de San Millán y Alonso al verificar sus ejercicios del grado de Doctor en la misma facultad en la Universidad Central.
260 ## - PUBLICACIÓN, DISTRIBUCIÓN, ETC.
Lugar de publicación, distribución, etc. Madrid :
Nombre del editor, distribuidor, etc. [s.n.],
Fecha de publicación, distribución, etc. 1877 (
Fabricante Imp. del Hospicio)
300 ## - DESCRIPCIÓN FÍSICA
Extensión 65 p. ;
Dimensiones 24 cm.
500 ## - NOTA GENERAL
Nota general Tema del discurso: Exposición y juicio crítico de los principales sistemas carcelarios, derecho vigente en España.
650 ## - PUNTO DE ACCESO ADICIONAL DE MATERIA--TÉRMINO DE MATERIA
Término de materia o nombre geográfico como elemento de entrada Derecho penitenciario-
Subdivisión geográfica España.
9 (RLIN) 176229
650 #7 - PUNTO DE ACCESO ADICIONAL DE MATERIA--TÉRMINO DE MATERIA
Término de materia o nombre geográfico como elemento de entrada Derecho penitenciario
Fuente del encabezamiento o término embne
9 (RLIN) 188563
852 ## - LOCALIZACIÓN
Ubicación ES-MaACL
Número de control de estantería D-134(9)
Nota libre - Enc. pasta española
-- . - Donativo Lastres
-- . - Dedic. ms. del autor a Francisco Lastres
-- - Enc. en un vol. facticio
Holdings
Estatus retirado Estado de pérdida Estado de daño No para préstamo Colección Biblioteca de origen Biblioteca actual Ubicación en estantería Fecha de adquisición Fuente de adquisición Total de préstamos Signatura topográfica completa Código de barras Visto por última vez Precio de reemplazo Tipo de ítem Koha
        Libros del s. XIX Biblioteca del Ateneo de Madrid Biblioteca del Ateneo de Madrid Sala Valle Inclán 17/01/2008     D-134(9) 901172462 23/02/2023 23/02/2023 Libro impreso antiguo